Don't sweat the small stuff...and it's all small stuff

Bibliographic Details
Main Author: Carlson Richard
Format: Book
Published: London : Hodder & Stoughton ltd , 1997
Subjects:

MARC

LEADER 00000cam a2200000 7i4500
001 0000056612
005 20151210.0
008 151110
020 |a 9780340708019 
090 0 0 |a 158.1   |b CAR 
100 1 |a Carlson Richard 
245 1 4 |a Don't sweat the small stuff...and it's all small stuff   |c Richard Carlson 
260 |a London :   |b Hodder & Stoughton ltd ,   |c 1997 
650 0 |a Conduct of life. 
999 |a 0001376418   |b Book   |c Adult Collection   |e Cawangan AEON Kulaijaya